000 00898nam a2200289 a 4500
001 24962
003 CO-ViMGA
008 141112s2004 ck r 000 u spa d
020 _a9789588787046
040 _aCO-ViMGA
_bspa
_cCO-ViMGA
041 _aSPA
090 _aC BER27
100 1 _aBergua, Ana, 1973 -
_937666
245 1 0 _aLa abuela necesita besitos /
_cAna Bergua ; ilustraciones de Carme Sala
250 _a1a ed.
260 _aBogotá :
_bProteus ; Monserrate,
_c2012
300 _a33 p. : il. col.
650 1 4 _aABUELAS - CUENTO
_937667
650 1 4 _aAUTORES ESPAÑOLES
_9727
650 1 4 _aDESDE LOS 6 AÑOS
_92351
650 1 4 _aILUSTRADORES ESPAÑOLES
_937668
650 1 4 _aLITERATURA INFANTIL ESPAÑOLA
_9726
650 1 4 _aRELACION ABUELA - NIETOS - CUENTO
_937669
650 1 4 _aRELACIONES FAMILIARES - CUENTO
_937670
700 1 _aSala, Carme
_937671
942 _2ddc
_cBK
999 _c2561
_d2561